000 00356nam a2200121Ia 4500
008 220214s9999 xx 000 0 und d
100 _aFlexas J
245 0 _aDrought-inhibition of photosynthesis in C3 plants: Stomatal and non-stomatal limitations revisited
260 _bAnnals of Botany
_c2002
300 _a183-189
700 _aMedrano H
942 _cRE
999 _c46096
_d46096